00704nam a2200229 a 4500001001300000003000900013005001700022008004100039020001000080082001700090100001600107245008600123260004000209300000800249500003500257650001900292700001600311902000800327942000700335952011700342999001500459nice12345678IN_TiNIC20260116012143.0050524s1888 bena grp 000 0 eng  ac10000a425.340bFAL aFallon, S W aA Romanized English-Hindusstani Law and Commercial Dictionary of Words and Phrase aBenares bMedical Hall Press c1888 a85p aincludes index and biblioraphy aDictionary-Law1 aFallon, S W bSRS cBK 001040708StackRoom-aHMIbHMId2008-02-18g100.00l0o425.340 FALp05064r2008-02-18v100.00w2005-05-24yBK c5854d5854